000 00868pam a2200253 a 4500
001 2142504
005 20240202030750.0
008 980601s1998 ii b 001 0 eng
020 _a8170367298 (India : hb : alk. paper)
020 _a0761992715 (US : hb : alk. paper)
040 _aDLC
_cDLC
_dDLC
082 0 0 _a306
_221
_bSAR.
100 1 _aJoseph, Sarah.
245 1 0 _aInterrogating culture :
_bcritical perspectives on contemporary social theory /
_cSarah Joseph.
260 _aNew Delhi ;
_aThousand Oaks, CA :
_bSage Publications,
_c1998.
300 _a198 p. ;
650 0 _aCulture.
650 0 _aPower (Social sciences)
650 0 _aKnowledge, Theory of.
650 0 _aSocial sciences
856 4 1 _uhttp://www.loc.gov/catdir/enhancements/fy0657/98024649-t.html
856 4 2 _uhttp://www.loc.gov/catdir/enhancements/fy0660/98024649-d.html
942 _cL
999 _c278
_d278